<?xml version="1.0" encoding="UTF-8"?>
<record
    xmlns:xsi="http://www.w3.org/2001/XMLSchema-instance"
    xsi:schemaLocation="http://www.loc.gov/MARC21/slim http://www.loc.gov/standards/marcxml/schema/MARC21slim.xsd"
    xmlns="http://www.loc.gov/MARC21/slim">

  <leader>01729nam a22002657a 4500</leader>
  <datafield tag="999" ind1=" " ind2=" ">
    <subfield code="c">940</subfield>
    <subfield code="d">940</subfield>
  </datafield>
  <controlfield tag="003">OSt</controlfield>
  <controlfield tag="005">20190627194946.0</controlfield>
  <controlfield tag="008">161025b        xxu||||| |||| 00| 0 esp d</controlfield>
  <datafield tag="040" ind1=" " ind2=" ">
    <subfield code="c">DO-SdBJH</subfield>
    <subfield code="a">DO-SdBJH</subfield>
    <subfield code="b">spa</subfield>
  </datafield>
  <datafield tag="090" ind1=" " ind2=" ">
    <subfield code="a">TG FARD</subfield>
    <subfield code="b">00661 2013</subfield>
  </datafield>
  <datafield tag="100" ind1="1" ind2=" ">
    <subfield code="a">Gonz&#xE1;lez Cabrera, Dawin </subfield>
    <subfield code="e">sustentante</subfield>
  </datafield>
  <datafield tag="245" ind1="1" ind2="0">
    <subfield code="a">Propuesta de revisi&#xF3;n del Manual de Infanter&#xED;a de la Fuerza A&#xE9;rea de Rep&#xFA;blica Dominicana / </subfield>
    <subfield code="c">Dawin Gonz&#xE1;lez Cabrera,  Alexander Aponte Mercedes, asesores  Carlos Lantigua Cruz,  Tebi Rodr&#xED;guez Hern&#xE1;ndez</subfield>
  </datafield>
  <datafield tag="260" ind1=" " ind2=" ">
    <subfield code="a">Santo Domingo Este :</subfield>
    <subfield code="b">INSUDE, </subfield>
    <subfield code="c">2013</subfield>
  </datafield>
  <datafield tag="300" ind1=" " ind2=" ">
    <subfield code="a">xiv, 60 p&#xE1;ginas y hojas, ilustraciones</subfield>
  </datafield>
  <datafield tag="502" ind1=" " ind2=" ">
    <subfield code="a">Trabajo de grado (Licenciatura en Ciencias Aeron&#xE1;uticas). -- Instituto Superior para la Defensa (INSUDE). Academia A&#xE9;rea Gral. De Brigada Piloto Frank Andr&#xE9;s Feliz Miranda, 2013.</subfield>
  </datafield>
  <datafield tag="504" ind1=" " ind2=" ">
    <subfield code="a">Incluye referencias bibliogr&#xE1;ficas e &#xED;ndices</subfield>
  </datafield>
  <datafield tag="505" ind1=" " ind2=" ">
    <subfield code="a">Manual de infanter&#xED;a de la Fuerza A&#xE9;rea de Rep&#xFA;blica Dominicana. -- Determinaci&#xF3;n de la aplicaci&#xF3;n del manual de infanter&#xED;a en los diferentes comando de la Fuerza A&#xE9;rea de Rep&#xFA;blica Dominicana. -- An&#xE1;lisis comparativo del manual de infanter&#xED;a de la Fuerza A&#xE9;rea de Rep&#xFA;blica Dominicana con el manual de infanter&#xED;a del Ej&#xE9;rcito de Rep&#xFA;blica Dominicana.
</subfield>
  </datafield>
  <datafield tag="650" ind1=" " ind2="4">
    <subfield code="a">Fuerza A&#xE9;rea Dominicana.  Academia A&#xE9;rea -- Manual de infanter&#xED;a</subfield>
  </datafield>
  <datafield tag="650" ind1=" " ind2="4">
    <subfield code="a">Mandos militares -- Manuales de infanter&#xED;a -- Diferencias</subfield>
  </datafield>
  <datafield tag="700" ind1="1" ind2=" ">
    <subfield code="a"> Aponte Mercedes, Alexander </subfield>
    <subfield code="e">sustentante</subfield>
  </datafield>
  <datafield tag="700" ind1="1" ind2=" ">
    <subfield code="a">Lantigua Cruz, Carlos </subfield>
    <subfield code="e">asesor</subfield>
  </datafield>
  <datafield tag="700" ind1="1" ind2=" ">
    <subfield code="a">Rodr&#xED;guez Hern&#xE1;ndez, Tebi</subfield>
    <subfield code="e">asesor</subfield>
  </datafield>
  <datafield tag="830" ind1=" " ind2=" ">
    <subfield code="a">INSUDE.  Academia A&#xE9;rea Gral. De Brig. Pil.  Frank Andr&#xE9;s  Feliz Miranda.  Tesis y disertaciones academicas</subfield>
  </datafield>
  <datafield tag="942" ind1=" " ind2=" ">
    <subfield code="2">CL</subfield>
    <subfield code="c">T</subfield>
  </datafield>
  <datafield tag="952" ind1=" " ind2=" ">
    <subfield code="0">0</subfield>
    <subfield code="1">0</subfield>
    <subfield code="2">CL</subfield>
    <subfield code="4">0</subfield>
    <subfield code="7">1</subfield>
    <subfield code="8">TG</subfield>
    <subfield code="a">BJHA</subfield>
    <subfield code="b">BJHA</subfield>
    <subfield code="d">2016-10-25</subfield>
    <subfield code="i">13-00661</subfield>
    <subfield code="l">0</subfield>
    <subfield code="o">TG FARD 00661 2013</subfield>
    <subfield code="p">13-00661</subfield>
    <subfield code="r">2018-10-06 00:00:00</subfield>
    <subfield code="t">e.1</subfield>
    <subfield code="w">2016-10-25</subfield>
    <subfield code="y">T</subfield>
  </datafield>
</record>
